Veredas por cruzar: diez años, Instituto de la Mujer

Gardado en:
Detalles Bibliográficos
Autor Principal: Santa Cruz, Guadalupe (Author)
Formato: Libro
Idioma:Lingua castelá
Publicado: Santiago Instituto de la Mujer 1997
Subjects:
Tags: Engadir etiqueta
Sen Etiquetas, Sexa o primeiro en etiquetar este rexistro!

MARC

LEADER 00000nam a2200000 a 4500
001 UCQ4076
003 CL-VaPUC
008 980829e19970000CL |||||||||||||||||spa|d
082 0 4 |a 305.4  |b SAN  |2 21 
100 0 |a Santa Cruz, Guadalupe  |e author  |9 418316 
245 1 0 |a Veredas por cruzar: diez años, Instituto de la Mujer 
300 |a 275 p 
942 |c BK 
945 |d 19980829 00:00:00  |a mvenant 
260 |a Santiago  |b Instituto de la Mujer  |c 1997 
650 0 |a Derechos de la mujer  |9 257074 
650 0 |a Mujeres  |9 257649 
650 7 |a SITUACION LEGAL  |2 CL-VaPUC  |9 255565 
650 0 |a Trabajo de la mujer  |9 308425 
650 0 |a Discriminación sexual  |9 313877 
650 0 |a Sexualidad  |9 358183 
651 7 |a CHILE  |2 CL-VaPUC  |9 418317 
583 |a last modification  |c 19980829 00:00:00  |k Rodrigo Vera 
999 |c 274556  |d 274554 
952 |0 0  |1 0  |4 0  |6 305_400000000000000_SAN_1997  |7 0  |8 A  |9 310766  |a BIBEDU  |b BIBEDU  |d 2019-11-20  |i 3457532  |o 305.4 SAN 1997  |p 3457532  |r 2019-11-20  |w 2019-11-20  |y BK  |k BME